| 000 | 00490nam a2200181Ia 4500 | ||
|---|---|---|---|
| 001 | 58948 | ||
| 008 | 150821n ii |||gr||||Z||||||465 | ||
| 020 | _a81-86494-02-2 | ||
| 082 | _a891.41309 | ||
| 100 |
_aSarma, _eGobinda Prasad. |
||
| 245 | 0 |
_aUpanyas Aru Asamiya Upanyas _cGobinda Prasad Sarma _hTextual Documents |
|
| 250 | _aIst ed- 1995. | ||
| 260 |
_aGuwahati _bStudents Stores |
||
| 300 |
_a368p: _c23cm. |
||
| 653 | _aAssamese Literature | ||
| 653 | _aPG -Ass | ||
| 942 |
_2ddc _cBK |
||
| 999 |
_c58835 _d58835 |
||